000 00451nam a2200181 a 4500
001 548
003 CO-ViMGA
008 141112s2004 ck r 000 u spa d
040 _aCO-ViMGA
_bspa
_cCO-ViMGA
082 0 4 _aIONc
100 1 _aIonescu, Ángela
_94924
245 1 0 _aCuentos y leyendas de rumania
260 _aBogotá :
_bNorma,
_c1996
300 _a104 p
490 _aTorre de papel
650 1 4 _aCUENTOS INFANTILES
_92743
942 _2ddc
_cBK
999 _c12789
_d12789